Gaps in technology
Guardat en:
| Autor corporatiu: | |
|---|---|
| Format: | Llibre |
| Idioma: | Undetermined |
| Publicat: |
Paris
OECD
1969
|
| Matèries: | |
| Etiquetes: |
Afegir etiqueta
Sense etiquetes, Sigues el primer a etiquetar aquest registre!
|
| Thư viện lưu trữ: | Trung tâm Học liệu Trường Đại học Cần Thơ |
|---|
| LEADER | 00535nam a2200181Ia 4500 | ||
|---|---|---|---|
| 001 | CTU_78486 | ||
| 008 | 210402s9999 xx 000 0 und d | ||
| 082 | |a 600.19 | ||
| 082 | |b O.68 | ||
| 110 | |a Organization for Economic Co-operation and Development | ||
| 245 | 0 | |a Gaps in technology | |
| 245 | 0 | |c Organization for Economic Co-operation and Development | |
| 260 | |a Paris | ||
| 260 | |b OECD | ||
| 260 | |c 1969 | ||
| 650 | |a Technology | ||
| 650 | |x Scientific instruments | ||
| 980 | |a Trung tâm Học liệu Trường Đại học Cần Thơ | ||